Responses for show #5144 - Thursday, January 11, 2007

Contestants

[<< previous game]

Cindy Peters, a project manager from Orlando, Florida

Kelly Isenor, a TV news producer from Boston, Massachusetts

Alan Husby, a teacher from Minneapolis, Minnesota (whose 1-day cash winnings total $20,000)

[next game >>]

Jeopardy! Round responses

A ROLL OF THE DICE
TV ATTACK ADS
(Alex: You have to name each show that's under attack.)
CHIMP-POURRI
YOU SAY YOU WANT A REVOLUTION
WELL, YOU "NO"
WE ALL WANT TO CHANGE THE WORLD
    $200 7
Trivial Pursuit

Cindy
    $200 12
Sesame Street

Alan
    $200 19
Cheetah

Alan
    $200 26
Benedict Arnold

Cindy
    $200 1
nominate

Cindy
    $200 3
Mother Teresa

Kelly
    $400 8
36

Triple Stumper
    $400 13
The Tonight Show With Jay Leno

Kelly
    $400 20
Dr. Dolittle

Alan
    $400 27
Trenton

Cindy
    $400 2
nocturnal

Kelly
    $400 4
Bono

Kelly
    $600 9
doubles

Cindy
    $600 14
60 Minutes

Kelly
    $600 21
American Sign Language

Cindy
    $600 28
Valley Forge

Cindy
    $600 6
(Kelly: What is to... daydream?)
...
(Alex: What is [*]. [*]. Did you forget the category?)

nostalgia

Kelly
Triple Stumper
    $600 5
(Cindy: Who is Brown?)

Rosa Parks

AlanCindy
    $800 10
(Kelly: What is parcheesi?)

backgammon

Kelly
Triple Stumper
    $800 15
Survivor

Kelly
    $800 22
(Kelly: What is the Niger?)

Congo

KellyCindy
    $800 17
noble gases

Kelly
    $800 24
Dalai Lama

Cindy
    $1000 11
hazard

Triple Stumper
    $1000 16
ER

Kelly
    $1000 23
Jane Goodall

Alan
    $1000 18
(Cindy: What is normalicy?)
...
(Alex: You added one extra syllable in there, Cindy. Sorry.)

normalcy

KellyCindy
    $1000 25
Nelson Mandela

Kelly

Scores at the first commercial break (after clue 16):

Alan Kelly Cindy
$800 $2,400 $400

Scores at the end of the Jeopardy! Round:

Alan Kelly Cindy
$2,400 $4,400 $2,800

Double Jeopardy! Round responses

EUROPEAN CITIES
"BLACK" & "WHITE" MOVIES
A 5-CHAPTER STORY ABOUT STORIES
4 PLAY
YOU RULE!
(Alex: We need the country.)
FROM A TO Y
(Alex: Each correct response will begin with an "A" and end with the letter "Y".)
    $400 14
Athens

Alan
    $400 16
(Cindy: What is, uh, White Knights?)
...
(Alex: Yep, shot just down the street here.)

Men in Black

AlanCindy
    $400 17
Doctor Zhivago

Cindy
    $400 6
Saturn, Jupiter, Uranus, & Neptune

Alan
    $400 11
Sweden

Kelly
    $400 1
the almighty

Kelly
    $800 15
The Hague

Kelly
    $800 24
White Men Can't Jump

Cindy
    $800 18
Love Story

Alan
    $800 7
(Kelly: What is diamonds?)
(Cindy: What are spades?)
(Alan: [Without ringing in] What are [*]?)
(Alex: You want to ring in? Thank you!)
(Alan: I thought I did. What are [*]?)
(Alex: I just noticed something. You are ringing in with your right hand but you're holding the signaling device in your left hand, and it doesn't work that way, Alan!)
(Alan: No wonder!)

clubs

AlanKellyCindy
    $800 12
(Cindy: What is Thailand?)

Cambodia

Cindy
Triple Stumper
    $800 2
an allegory

Alan
    $1200 27
(Kelly: What is Dhoo-glass?)

the Douglass

Kelly
    $1200 25
Single White Female

Triple Stumper
    $1200 19
Who's Afraid of Virginia Woolf?

Triple Stumper
    $1200 8
cut

Kelly
    $1200 13
Saudi Arabia & Jordan

Triple Stumper
    $1200 3
alimentary

Kelly
    $1600 26
Creature from the Black Lagoon

Kelly
    $3,000 22
Annabel Lee

Cindy
    $1600 9
(Alex: Nicely done. That was a tough one.)

(3 of) Guiteau, Booth, Oswald, & Leon Czolgosz

Cindy
    $1600 20
Luxembourg

Cindy
    $1600 4
(Cindy: What's an allegory?)

an analogy

Cindy
Triple Stumper
    $2000 23
Ivanhoe

Alan
    $2000 10
(Alan: What are the Sedition Acts?)
(Alex: ...No, well, give us a little more.)
(Alan: Uh, the Sedition and...)

the Alien and Sedition Acts

AlanCindy
    $2000 21
Thailand

Triple Stumper
    $2000 5
ambiguity

Triple Stumper

Scores at the end of the Double Jeopardy! Round:

Alan Kelly Cindy
$6,000 $10,400 $8,600

[wagering suggestions for these scores]

Final Jeopardy! Round responses

AMERICAN THEATRE HISTORY
(Alex: [After Alan's response is revealed] You're right. Green Grow the Lilacs was the 1931 play on which it was based.)
AlanWhat is Oklahoma!?
$6,000
CindyWhat is Oklahoma
$7,500
KellyWhat is Oklahoma?
$6,900
Oklahoma!

Final scores:

Alan Kelly Cindy
$12,000 $17,300 $16,100
3rd place: $1,000 New champion: $17,300 2nd place: $2,000

Game dynamics:

Coryat scores:

Alan Kelly Cindy
$6,000 $10,400 $7,200
12 R,
1 W
17 R,
4 W
15 R
(including 1 DD),
6 W

Combined Coryat: $23,600

The J! Archive is created by fans, for fans. The Jeopardy! game show and all elements thereof, including but not limited to copyright and trademark thereto, are the property of Jeopardy Productions, Inc. and are protected under law. This website is not affiliated with, sponsored by, or operated by Jeopardy Productions, Inc. Join the discussion at JBoard.tv.